Mathematical epidemiology of infectious diseases : model building, analysis, and interpretation

Αποθηκεύτηκε σε:
Λεπτομέρειες βιβλιογραφικής εγγραφής
Κύριος συγγραφέας: Diekmann, O.
Άλλοι συγγραφείς: Heesterbeek, J. A. P.
Μορφή: Βιβλίο
Γλώσσα:English
Δημοσίευση: Chichester : John Wiley, 2000
Σειρά:Wiley series in mathematical and computational biology
Θέματα:
Ετικέτες: Προσθήκη ετικέτας
Δεν υπάρχουν, Καταχωρήστε ετικέτα πρώτοι!

MARC

LEADER 00000nam a2200000 i 4500
001 1/92144
008 080821s2000 eng d
020 |a 0-471-49241-8 
035 |l 10099500 
040 |a GR-MY-UA  |b gre  |e aacr 
041 0 |a eng 
082 0 |a 614.50151  |2 (22) 
100 1 |a Diekmann, O. 
245 1 0 |a Mathematical epidemiology of infectious diseases :  |b model building, analysis, and interpretation /  |c O. Diekmann, J.A.P. Heesterbeek 
260 |a Chichester :   |b John Wiley,   |c 2000 
300 |a XVI, 303 σ.;  |b εικ.;  |c 25 εκ. 
490 1 |a Wiley series in mathematical and computational biology 
504 |a Βιβλιογραφία: σ. [297]-300 
504 |a Ευρετήριο: σ. [301]-303 
650 0 0 |a Communicable diseases  |x Epidemiology  |x Mathematical models. 
650 0 0 |a Communicable diseases  |x Epidemiology. 
650 0 0 |a Mathematics. 
650 0 0 |a Models, Theoretical. 
700 1 |a Heesterbeek, J. A. P. 
830 0 |a Wiley series in mathematical and computational biology 
852 |a INST  |b LESVOS  |e 20080821  |h 614.50151 DIE  |p 005100042011  |q 005100042011  |t BK  |y 0 
901 |a BIBL1-2008-2 
909 |a Λ  |b 145154 
922 |a 1ΕΛΗ  |b 200801  |c ΕΠΕΑΕΚ2/ΤΕΘ  |d ΕΛΕΥΘΕΡΟΥΔΑΚΗΣ 
970 |a ΚΑΡΑ  |b ΓΙΑΣΕΜΗ  |z 2008/08/21